00385 a2200097 4500001001000000005001700010008004100027245012900068100002500197773006500222ART_3720520260410161646.0260409a 10aLa prescripción liberatoria de las obligaciones tributarias locales a partir del Código Civil y Comercial de la Nación1 aCaranta, Martín R.0 tConsultor tributariog- Año 9, Nº 109 (mar. 2016)wREV474